| 000 -CABECERA |
| Campo de control de longitud fija |
00806nam a22001937a 4500 |
| 005 - FECHA Y HORA DE LA ÚLTIMA TRANSACCIÓN |
| Campo de control |
20240514120416.0 |
| 008 - CAMPO FIJO DE DESCRIPCIÓN FIJA--INFORMACIÓN GENERAL |
| Campo de control de longitud fija |
240514b ||||| |||| 00| 0 eng d |
| 020 ## - ISBN (INTERNATIONAL STANDARD BOOK NUMBER) |
| ISBN |
9788412778885 |
| 040 ## - FUENTE DE CATALOGACIÓN |
| Agencia de catalogación original |
CDMR |
| 100 1# - ENCABEZAMIENTO PRINCIPAL--NOMBRE PERSONAL |
| 9 (RLIN) |
1228 |
| Nombre de persona |
Soler, Valentí |
| 245 ## - MENCIÓN DE TÍTULO |
| Título |
Just Cabot i les veus vives de l'exili |
| Mención de responsabilidad, etc. |
/ Valentí Soler ; pròleg del Molt Honorable Quim Torra i Pla |
| 260 ## - PUBLICACIÓN, DISTRIBUCIÓN, ETC (PIE DE IMPRENTA) |
| Lugar de publicación, distribución, etc. |
Badalona |
| Nombre del editor, distribuidor, etc. |
: Pont del Petroli, |
| Fecha de publicación, distribución, etc. |
2024 |
| 300 ## - DESCRIPCIÓN FÍSICA |
| Extensión |
243 pàgines |
| 505 ## - NOTA DE CONTENIDO FORMATEADA |
| Nota de contenido con formato preestablecido |
També conté informació sobre aquests periodistes i caricaturistes: Ernest Guasp Garcia, Sebastià Gasch, Josep Esteve Bartrina i Vilaró, José María Quiroga Plá, Jaume Passarell. |
| 600 10 - ASIENTO SECUNDARIO DE MATERIA--NOMBRE PERSONAL |
| 9 (RLIN) |
1226 |
| Nombre de persona |
Cabot, Just |
| 650 #0 - ASIENTO SECUNDARIO DE MATERIA--TÉRMINO DE MATERIA |
| 9 (RLIN) |
3636 |
| Nombre de materia o nombre geográfico como elemento de entrada |
Exiliats |
| Subdivisión geográfica |
Catalunya |
| Subdivisión cronológica |
1939-1945 |
| 650 #0 - ASIENTO SECUNDARIO DE MATERIA--TÉRMINO DE MATERIA |
| 9 (RLIN) |
3172 |
| Nombre de materia o nombre geográfico como elemento de entrada |
Periodisme |
| Subdivisión geográfica |
Catalunya |
| Subdivisión general |
Història |
| Subdivisión cronológica |
1939-1945 |
| 942 ## - ELEMENTOS KOHA |
| Fuente de clasificación o esquema de ordenación en estanterías |
|
| Koha tipo de item |
Monografies |